000 00443nam a2200193Ia 4500
005 20250425162443.0
008 250425s9999 xx 000 0 und d
020 _a0632048514
041 _aeng
082 _a614.4
245 0 _aVETERINARY EPIDEMIOLOGY
250 _a2ND ED.
260 _aEstados Unidos
_bBLACKWELL SCIENCE
_c1986
260 _aNEW YORK
300 _a483
650 _aENFERMEDADES
942 _c01
010 _a75044
999 _c229539
_d229539